00272nam a2200109Ia 4500008004100000020001800041100002100059245003700080250000700117260002400124300001400148171211s9999 xx 000 0 und d a9780323341127 aPatton, Kevin T. aStructure & Function of the Body aXV bElsivier Inc.c2016 a503 pages